000 01178pam a2200349 a 4500
999 _c563
_d563
001 2351309
003 OSt
005 20210615110801.0
008 830926s1984 mnua b 001 0 eng
010 _a 83021621
020 _a031477811X :
020 _a0314778225 (International ed. : pbk.)
040 _aDLC
_cDLC
_dDLC
050 0 0 _aHF1017
_b.A6 1984
082 0 0 _a519.5
_219
100 1 _aAnderson, David R.
_q(David Ray),
_d1941-
245 1 0 _aStatistics for business and economics /
_cDavid R. Anderson, Dennis J. Sweeney, Thomas A. Williams.
250 _a2nd ed.
260 _aSt. Paul :
_bWest Pub. Co.,
_cc1984.
300 _axxiii, 708 p. :
_bill. ;
_c26 cm.
500 _aRev. ed. of: Introduction to statistics.
500 _aIncludes index.
504 _aBibliography: p. [668]-670.
650 0 _aCommercial statistics.
650 0 _aEconomics
_xStatistical methods.
650 0 _aStatistics.
700 1 _aSweeney, Dennis J.
700 1 _aWilliams, Thomas A.
_q(Thomas Arthur),
_d1944-
700 1 _aAnderson, David R.
_q(David Ray),
_d1941-
_tIntroduction to statistics.
906 _a7
_bcbc
_corignew
_d1
_eocip
_f19
_gy-gencatlg
942 _2lcc
_cBK
_nDO